[Event "Bizkaia-ch"]
[Site "Bilbao"]
[Date "2018.10.27"]
[Round "2"]
[White "Leniz Markes, Inaki"]
[Black "Cuero Reid, Maximo Javier"]
[Result "1/2-1/2"]
[WhiteElo "1931"]
[BlackElo "1781"]
[PlyCount "65"]
[EventDate "2018.10.20"]
[EventType "swiss"]
[EventRounds "6"]
[EventCountry "ESP"]
[SourceTitle "CBM 187 Extra"]
[Source "ChessBase"]
[SourceDate "2018.11.04"]
[SourceVersion "1"]
[SourceVersionDate "2018.11.04"]
[SourceQuality "1"]

1. e4 Nc6 2. Nf3 e5 3. Bc4 Be7 4. d4 exd4 5. Nxd4 Nf6 6. Nc3 d6 7. 0-0 0-0 8. Nxc6 bxc6 9. Bf4 Rb8 10. Bb3 Re8 11. h3 Rb4 12. Re1 Be6 13. a3 Rb7 14. e5 dxe5 15. Bxe5 Bd6 16. Bxe6 Bxe5 17. Qxd8 Rxd8 18. Rxe5 fxe6 19. b4 Kf7 20. Rae1 Rd6 21. Na4 Rb5 22. Nc5 Rd5 23. Rxe6 Rdxc5 24. bxc5 Rxc5 25. Re7+ Kg6 26. Rxc7 a5 27. Re6 Rxc2 28. Rexc6 Ra2 29. Rc3 Ne4 30. R7c6+ Kf7 31. Re3 Nd2 32. Rc5 Ra1+ 33. Kh2 1/2-1/2

[Event "Erandio op 26th"]
[Site "Erandio"]
[Date "2017.12.19"]
[Round "4"]
[White "Gamarra Rodriguez, Victor Manuel"]
[Black "Cuero Reid, Maximo Javier"]
[Result "1-0"]
[WhiteElo "1511"]
[BlackElo "1800"]
[PlyCount "53"]
[EventDate "2017.12.16"]
[EventType "swiss"]
[EventRounds "8"]
[EventCountry "ESP"]
[SourceTitle "CBM 182 Extra"]
[Source "ChessBase"]
[SourceDate "2018.02.23"]
[SourceVersion "1"]
[SourceVersionDate "2018.02.23"]
[SourceQuality "1"]

1. d4 d6 2. Nf3 Bg4 3. e3 Nd7 4. Be2 Ngf6 5. c4 e5 6. dxe5 dxe5 7. Nc3 c6 8. 0-0 Be7 9. Qc2 0-0 10. Rd1 Qa5 11. a3 Rfe8 12. b4 Qc7 13. Bb2 Bh5 14. c5 Bg6 15. Bd3 Nf8 16. Bxg6 Nxg6 17. Rd2 Rad8 18. Rad1 Rxd2 19. Rxd2 Rd8 20. h3 Rxd2 21. Nxd2 Qd7 22. Nc4 Qe6 23. Ne4 Nd5 24. Ned6 b5 25. Na5 Qd7 26. Qf5 Qxf5 27. Nxf5 1-0

[Event "Erandio op 23rd"]
[Site "Erandio"]
[Date "2014.12.28"]
[Round "8"]
[White "Ruiz Marana, Alejandro"]
[Black "Cuero Reid, Maximo Javier"]
[Result "1-0"]
[WhiteElo "2173"]
[BlackElo "1841"]
[PlyCount "51"]
[EventDate "2014.12.20"]
[EventType "swiss"]
[EventRounds "8"]
[EventCountry "ESP"]
[SourceTitle "CBM 164 Extra"]
[Source "ChessBase"]
[SourceDate "2015.03.02"]
[SourceVersion "1"]
[SourceVersionDate "2015.03.02"]
[SourceQuality "1"]

1. e4 Nf6 2. e5 Nd5 3. d4 e6 4. Nf3 d6 5. c4 Nb6 6. exd6 cxd6 7. Nc3 N8d7 8. Bd3 Nf6 9. 0-0 Be7 10. Qe2 Nbd7 11. Bf4 Nf8 12. h3 h6 13. c5 a6 14. b4 N8h7 15. Rfe1 0-0 16. Nd2 Re8 17. Nc4 dxc5 18. dxc5 Nd5 19. Nxd5 exd5 20. Nb6 Bd7 21. Nxa8 Bf6 22. Bxh7+ Kxh7 23. Qd3+ Kg8 24. Nc7 Re4 25. Rxe4 dxe4 26. Qd1 1-0

[Event "Erandio op 21st"]
[Site "Erandio"]
[Date "2012.12.22"]
[Round "2"]
[White "Cuero Reid, Maximo Javier"]
[Black "Mate Adan, Carlos"]
[Result "0-1"]
[WhiteElo "1886"]
[BlackElo "2255"]
[PlyCount "58"]
[EventDate "2012.12.22"]
[EventType "swiss"]
[EventRounds "9"]
[EventCountry "ESP"]
[SourceTitle "CBM 152 Extra"]
[Source "ChessBase"]
[SourceDate "2013.02.25"]
[SourceVersion "1"]
[SourceVersionDate "2013.02.25"]
[SourceQuality "1"]

1. d4 c5 2. Nf3 d5 3. Bg5 Nc6 4. e3 cxd4 5. exd4 Nf6 6. Nbd2 Bg4 7. c3 e6 8. Bd3 Bd6 9. Qb1 Bh5 10. 0-0 Bg6 11. Re1 Qc7 12. a3 0-0 13. Bxg6 hxg6 14. Qd3 Rfc8 15. Rac1 Rab8 16. h3 Nd7 17. c4 dxc4 18. Nxc4 Bf4 19. Bxf4 Qxf4 20. g3 Qc7 21. Qe4 Nf6 22. Qh4 Qd8 23. Rcd1 Qd5 24. Nce5 Nxe5 25. Nxe5 Rc2 26. b3 Rbc8 27. Qf4 Qxb3 28. g4 R8c7 29. Re3 R7c3 0-1

[Event "Bizkaia-ch Preferente"]
[Site "Bilbao"]
[Date "2012.11.03"]
[Round "3.6"]
[White "Sanz Rodero, Mikel"]
[Black "Cuero Reid, Maximo Javier"]
[Result "1-0"]
[WhiteElo "2045"]
[BlackElo "1886"]
[PlyCount "75"]
[EventDate "2012.10.20"]
[EventType "swiss"]
[EventRounds "6"]
[EventCountry "ESP"]
[SourceTitle "EXT 2024"]
[Source "ChessBase"]
[SourceDate "2023.10.10"]
[SourceVersion "1"]
[SourceVersionDate "2023.10.10"]
[SourceQuality "1"]

1. e4 e6 2. f4 d6 3. Nc3 Nd7 4. d4 Be7 5. Nf3 Ndf6 6. Bd3 Ng4 7. 0-0 h5 8. e5 d5 9. Ne2 c5 10. c3 Bd7 11. h3 N4h6 12. Be3 cxd4 13. Nexd4 Bc5 14. Kh1 Bb6 15. Qe2 a6 16. Rad1 Ne7 17. Rfe1 g6 18. Qf2 Bc7 19. Qh4 Nhf5 20. Qf6 0-0 21. Nxf5 Nxf5 22. Qxd8 Bxd8 23. Bxf5 gxf5 24. Bc5 Re8 25. Bd6 Rc8 26. g3 Bb6 27. Kg2 Rc4 28. Rd2 Bc6 29. Nd4 Bxd4 30. Rxd4 Rc8 31. Red1 b5 32. Be7 Kh7 33. g4 fxg4 34. hxg4 hxg4 35. Kg3 Bd7 36. Kxg4 f5+ 37. Kf3 Rxd4 38. Rxd4 1-0

[Event "Bizkaia-ch Preferente"]
[Site "Bilbao"]
[Date "2012.10.27"]
[Round "2.3"]
[White "Diez Fraile, David"]
[Black "Cuero Reid, Maximo Javier"]
[Result "1-0"]
[WhiteElo "2167"]
[BlackElo "1886"]
[PlyCount "95"]
[EventDate "2012.10.20"]
[EventType "swiss"]
[EventRounds "6"]
[EventCountry "ESP"]
[SourceTitle "EXT 2024"]
[Source "ChessBase"]
[SourceDate "2023.10.10"]
[SourceVersion "1"]
[SourceVersionDate "2023.10.10"]
[SourceQuality "1"]

1. d4 d6 2. e4 Nd7 3. Nc3 a6 4. Nf3 e5 5. Bc4 c6 6. dxe5 dxe5 7. 0-0 Be7 8. Ng5 Bxg5 9. Qh5 g6 10. Qxg5 Qxg5 11. Bxg5 h6 12. Be3 g5 13. Rad1 Ngf6 14. f3 b5 15. Bb3 a5 16. a4 b4 17. Nb1 Nh5 18. Rd6 Ke7 19. Rxc6 Nf4 20. Rd1 Ra6 21. Rxa6 Bxa6 22. g3 Rg8 23. Kf2 Ne6 24. Rd5 Rc8 25. Rxa5 Bc4 26. Bxc4 Rxc4 27. c3 bxc3 28. Nxc3 Ndc5 29. Bxc5+ Nxc5 30. Ke3 Ke6 31. g4 f6 32. Nd5 Rc2 33. b4 Nb7 34. Ra6+ Nd6 35. Nxf6 Ke7 36. Nd5+ Kd7 37. Ra7+ Kc8 38. b5 Rxh2 39. Ne7+ Kb8 40. Nc6+ Kc8 41. Nxe5 h5 42. gxh5 Rxh5 43. b6 g4 44. Rc7+ Kd8 45. Rd7+ Kc8 46. Rxd6 Rxe5 47. fxg4 Kb7 48. Kf4 1-0

[Event "Bizkaia-ch Preferente"]
[Site "Bilbao"]
[Date "2012.10.20"]
[Round "1.7"]
[White "Cuero Reid, Maximo Javier"]
[Black "Gonzalez Pereira, Asier"]
[Result "1-0"]
[WhiteElo "1886"]
[BlackElo "2065"]
[PlyCount "62"]
[EventDate "2012.10.20"]
[EventType "swiss"]
[EventRounds "6"]
[EventCountry "ESP"]
[SourceTitle "EXT 2024"]
[Source "ChessBase"]
[SourceDate "2023.10.10"]
[SourceVersion "1"]
[SourceVersionDate "2023.10.10"]
[SourceQuality "1"]

1. d4 Nf6 2. Bg5 d6 3. Nd2 e5 4. f3 Be7 5. Nh3 c5 6. e3 Nc6 7. c3 d5 8. Bb5 Bxh3 9. gxh3 Nd7 10. Bxe7 Qxe7 11. 0-0 0-0 12. Re1 Rad8 13. Nf1 Qh4 14. Ng3 f5 15. dxe5 Ndxe5 16. f4 Ng6 17. Kg2 d4 18. Qh5 Qf6 19. Kh1 dxe3 20. Rxe3 Nxf4 21. Bc4+ Kh8 22. Qf3 Ng6 23. Re6 Qh4 24. Bf1 Nce5 25. Qxb7 f4 26. Ne4 Rd7 27. Qb5 Qd8 28. Re1 Nf3 29. Re2 Rd1 30. Rf2 Nfh4 31. Qe2 Qd5 1-0

[Event "Erandio op 20th"]
[Site "Erandio"]
[Date "2011.12.18"]
[Round "3"]
[White "Torres Garcia, Koldo"]
[Black "Cuero Reid, Maximo Javier"]
[Result "1/2-1/2"]
[WhiteElo "2024"]
[BlackElo "1903"]
[PlyCount "36"]
[EventDate "2011.12.17"]
[EventType "swiss"]
[EventRounds "9"]
[EventCountry "ESP"]
[SourceTitle "EXT 2024"]
[Source "ChessBase"]
[SourceDate "2023.10.10"]
[SourceVersion "1"]
[SourceVersionDate "2023.10.10"]
[SourceQuality "1"]

1. e4 e5 2. Nc3 Bb4 3. Nd5 a5 4. c3 Bd6 5. d4 c6 6. Ne3 exd4 7. Nf5 Bf8 8. Nxd4 d5 9. exd5 Qxd5 10. Be3 Nf6 11. Qb3 a4 12. Qc2 Bd6 13. c4 Bb4+ 14. Bd2 Qa5 15. Ngf3 0-0 16. Be2 Re8 17. 0-0 Bxd2 18. Nxd2 c5 1/2-1/2

[Event "Bizkaia-ch Preferente"]
[Site "Sestao"]
[Date "2008.10.18"]
[Round "1.6"]
[White "Cuero Reid, Maximo Javier"]
[Black "Alonso Alonso, Ivan"]
[Result "1-0"]
[WhiteElo "1930"]
[BlackElo "2133"]
[PlyCount "85"]
[EventDate "2008.10.18"]
[EventType "swiss"]
[EventRounds "7"]
[EventCountry "ESP"]
[SourceTitle "EXT 2024"]
[Source "ChessBase"]
[SourceDate "2023.10.10"]
[SourceVersion "1"]
[SourceVersionDate "2023.10.10"]
[SourceQuality "1"]

1. e4 c5 2. a3 e5 3. Bc4 Nf6 4. Nc3 d6 5. f4 Bg4 6. Nf3 exf4 7. d3 Nc6 8. Bxf4 Be7 9. 0-0 Nd4 10. Ne2 Nxf3+ 11. gxf3 Bh3 12. Rf2 0-0 13. Ng3 Nd7 14. c3 Kh8 15. Qd2 f5 16. Be6 g6 17. Bh6 Rf6 18. Bxd7 Qxd7 19. Bg5 Rf7 20. Bxe7 Qxe7 21. Qh6 f4 22. Ne2 Bd7 23. Nxf4 Rg8 24. Raf1 Bc6 25. Ng2 d5 26. Ne3 d4 27. cxd4 cxd4 28. Ng4 Rgf8 29. f4 Bb5 30. Ne5 Rg7 31. Rg2 Rfg8 32. Rg4 Qf6 33. Rf3 Rc8 34. h4 Rcg8 35. Kf2 Be8 36. h5 Qb6 37. b4 Qc7 38. hxg6 Qc2+ 39. Kg1 Qc1+ 40. Kh2 Bxg6 41. Rxg6 Qc2+ 42. Kh3 Qc8+ 43. f5 1-0

[Event "Bizkaia-chA"]
[Site "Zornotza"]
[Date "2006.11.18"]
[Round "5"]
[White "Unzueta Romero, Jesus"]
[Black "Cuero Reid, Maximo Javier"]
[Result "1-0"]
[WhiteElo "2019"]
[BlackElo "1940"]
[PlyCount "67"]
[EventDate "2006.10.21"]
[EventType "swiss"]
[EventRounds "6"]
[EventCountry "ESP"]
[SourceTitle "EXT 2018"]
[Source "ChessBase"]
[SourceDate "2017.10.13"]
[SourceVersion "1"]
[SourceVersionDate "2017.10.13"]
[SourceQuality "1"]

1. e4 Nc6 2. Nc3 e5 3. Nf3 Bc5 4. Bb5 Nf6 5. 0-0 0-0 6. d3 Nd4 7. Nxe5 d6 8. Nf3 Bg4 9. Be3 Nxf3+ 10. gxf3 Bh3 11. Re1 Bxe3 12. fxe3 Nh5 13. Kh1 Qh4 14. Rg1 Kh8 15. Qe1 Qf6 16. Qf2 c6 17. Bc4 b5 18. Bb3 a5 19. a4 b4 20. Ne2 Be6 21. Bxe6 fxe6 22. f4 Qxb2 23. Nd4 e5 24. Ne6 exf4 25. exf4 Qf6 26. Nxf8 Rxf8 27. f5 Qe5 28. Qh4 Nf6 29. Rae1 Nd7 30. Rg6 Nc5 31. Reg1 Nd7 32. Rxg7 Nf6 33. Qh6 d5 34. R1g6 1-0